[Event "40th Eastman Open Ghent"]
[Site "Ghent"]
[Date "2017.07.15"]
[Round "1.1"]
[White "Chatalbashev, Boris"]
[Black "Konnen, Timo"]
[Result "1-0"]
[WhiteElo "2552"]
[BlackElo "1888"]
[Annotator "TA"]
[PlyCount "45"]
[EventDate "2017.??.??"]
[EventType "swiss"]
[EventCountry "BEL"]
[SourceTitle "playchess.com"]
[Source "ChessBase"]
[SourceQuality "1"]

{[%evp 9,44,0,25,35,34,27,31,16,26,0,27,63,66,72,80,83,88,101,211,105,110,10,0,8,15,16,10,19,509,404,693,687,29996,29997,29997,29998,29999]} 1. d4 Nf6 2. c4 e5 3. dxe5 Ng4 4. e3 Nxe5 5. Nh3 {[%cal Bg1h3,Bh3g5,Bg5e4][%mdl 32]} Bc5 {LiveBook: 9 Games} 6. Nc3 {A52: Budapest Gambit} O-O 7. f4 $146 ({Predecessor:} 7. Nf4 d6 8. Be2 Nbc6 9. b3 Ng6 10. Nh5 Nce5 11. g3 Bb4 12. Bb2 Qd7 13. Nf4 Nxf4 14. gxf4 {1-0 (30) Barros Rivadeneira,C (2342)-Urazayev,A (2226) Juiz de Fora 2014}) 7... Ng6 8. Ng5 {White is slightly better.} Bb4 9. Bd3 {Black must now prevent 0-0.} Bxc3+ 10. bxc3 Qf6 11. O-O $40 {[%mdl 128] White is out for blood.} h6 12. Ne4 Qc6 13. Qh5 Ne7 {[#]} (13... Re8 $16 {was necessary.}) 14. f5 (14. Ba3 $1 $18 {[%cal Ra3e7] and White stays clearly on top.} d6 15. Rab1) 14... f6 $16 15. c5 (15. Rf3 $16) 15... Na6 $1 $11 16. Ba3 {Bc2 is the strong threat.} Qa4 $1 {[%cal Ra4a3]} 17. Bb4 Nxb4 18. cxb4 Nc6 $2 {[%mdl 8192]} (18... Qxb4 $11 {and Black has nothing to worry.} 19. a4 Qb2) 19. Bc4+ Kh8 {[#]} (19... d5 $142) 20. Nxf6 $1 $18 {[%mdl 512] Qg6 would kill now.} Qxb4 (20... Rxf6 21. Qe8+) 21. Qg6 {[%csl Gf6][%cal Rg6h7] White mates.} Rxf6 22. Qe8+ Kh7 23. Qg8# {Precision: White = 58%, Black = 52%.} 1-0

[Event "40th Eastman Open Ghent"]
[Site "Ghent"]
[Date "2017.07.15"]
[Round "1.2"]
[White "Kruijf, Caspar"]
[Black "Epishin, Vladimir"]
[Result "0-1"]
[WhiteElo "1887"]
[BlackElo "2541"]
[Annotator "TA"]
[PlyCount "70"]
[EventDate "2017.??.??"]
[EventType "swiss"]
[EventCountry "BEL"]
[SourceTitle "playchess.com"]
[Source "ChessBase"]
[SourceQuality "1"]

{[%evp 9,70,15,16,22,24,23,23,0,0,-27,-23,-37,-7,-19,-21,-16,-20,-14,-16,-33,-33,-66,-62,-54,-47,-64,-43,-27,-9,-27,-17,-25,-17,-12,-12,-51,-33,-26,-20,-47,-43,-173,-173,-184,-173,-157,-177,-181,-137,-289,-274,-258,-256,-355,-335,-448,-438,-408,-422,-505,-505,-498,-502]} 1. e4 g6 2. d4 Bg7 3. Nc3 c6 4. Nf3 d5 5. exd5 cxd5 {LiveBook: 61 Games} 6. g3 {B15: Caro-Kann: 3 Nc3: 3...g6 and 3...dxe4 4 Nxe4 Nf6 5 Nxf6+ exf6} (6. h3 Nc6 7. Bf4 Nf6 8. Bd3 O-O 9. Qd2 Re8 10. O-O a6 11. a3 Be6 12. Rfe1 Qd7 13. Na4 Nxd4 14. Nxd4 Qxa4 15. Nxe6 fxe6 16. Rxe6 {½-½ (53) Stefanova,A (2517)-Khotenashvili,B (2504) Beijing 2014}) 6... Bg4 7. Bg2 e6 $146 ({Predecessor:} 7... Nf6 8. O-O O-O 9. h3 Bxf3 10. Bxf3 Nc6 11. Be3 Qd7 12. Bg2 e6 13. Ne2 Rfc8 14. Kh2 Ne8 15. c3 Nd6 16. Bf4 a6 17. Bxd6 Qxd6 {0-1 (28) Focke,K-Gorka,C (1675) Oberhof 1999}) 8. O-O {White has an edge.} Nc6 9. Be3 Nge7 {[%cal Bg8e7,Be7f5,Bf5d6,Bd6c4][%mdl 32]} 10. Qd2 Bxf3 11. Bxf3 Nf5 {[%cal Rc6d4]} 12. Ne2 $1 O-O 13. c3 b5 14. Bg4 Nd6 15. Bh6 Nc4 16. Qc1 Bxh6 17. Qxh6 Qf6 18. Nf4 Rae8 19. h4 Qg7 $36 {[%mdl 2048] White is under pressure.} 20. Qxg7+ Kxg7 21. Be2 Rb8 22. b3 Na3 23. Rac1 Rfc8 24. Nd3 a5 25. Ne5 ({White should play} 25. Nc5 $15) 25... Nxe5 $19 26. dxe5 Rc7 27. f4 Rbc8 28. Rf3 b4 {[%cal Rc7c3]} 29. c4 $2 {[#]} (29. Kf2 $17) 29... dxc4 30. bxc4 Nxc4 31. Rd3 Nb6 32. Rcd1 Rc2 33. R3d2 a4 34. Bd3 Rxd2 35. Rxd2 Rd8 {Precision: White = 36%, Black = 84%.} 0-1

[Event "40th Eastman Open Ghent"]
[Site "Ghent"]
[Date "2017.07.15"]
[Round "1.3"]
[White "Michiels, Bart"]
[Black "Rogmans, Jelle"]
[Result "1-0"]
[WhiteElo "2536"]
[BlackElo "1887"]
[Annotator "TA"]
[PlyCount "63"]
[EventDate "2017.??.??"]
[EventType "swiss"]
[EventCountry "BEL"]
[SourceTitle "playchess.com"]
[Source "ChessBase"]
[SourceQuality "1"]

{[%evp 17,63,59,86,87,99,98,116,88,111,104,166,166,171,163,158,167,158,151,170,171,170,176,186,178,181,167,184,194,325,346,403,423,402,405,420,423,429,358,359,349,948,855,1096,1115,29983,29984,29995,29996]} 1. d4 Nf6 2. c4 c5 3. d5 b5 4. Nf3 g6 5. cxb5 a6 6. e3 Bg7 7. Nc3 d6 8. a4 O-O 9. e4 Nbd7 {LiveBook: 32 Games} 10. Bf4 {A57: Benko/Volga Gambit} Ng4 $146 ({Predecessor:} 10... axb5 11. axb5 Bb7 12. Be2 Rxa1 13. Qxa1 Qc7 14. O-O Ra8 15. Qc1 Nb6 16. Rd1 Nfd7 17. Qc2 Ra7 {1-0 (59) Popov,V (2593)-Turkin,V (2264) St Petersburg 2002}) 11. Be2 Nge5 12. Nd2 {White is better.} Qc7 13. O-O Bb7 (13... axb5 $16 14. Bg3 (14. Bxb5 Ba6 $16) (14. axb5 Rxa1 15. Qxa1 Nb6 $16) (14. Nxb5 Qb7 $16) 14... g5) 14. Bg5 $18 Nf6 15. f4 Ned7 16. Nc4 {aiming for e5!} axb5 17. Nxb5 Qd8 18. Qc2 Nb6 19. b3 {[%cal Bb2b3,Bb3c4][%mdl 32]} Nxc4 20. bxc4 ({Much less strong is} 20. Qxc4 $6 Ne8 $16) 20... Ne8 21. Ra3 Nc7 22. f5 Na6 (22... Ne8 $142 23. fxg6 fxg6 24. Rxf8+ Kxf8) 23. Qc1 f6 24. Bd2 g5 25. h4 h6 26. Kf2 Nb8 27. Rh1 {[%cal Rh4g5]} Nd7 28. Rah3 ({Not} 28. hxg5 fxg5 29. Bc3 Nf6 $18) 28... Ne5 $2 (28... g4) 29. hxg5 fxg5 {[#]} 30. Bxg5 $1 {[%mdl 512]} hxg5 31. Qxg5 Nf7 32. Qg6 {Precision: White = 100%, Black = 30%.} 1-0

[Event "40th Eastman Open Ghent"]
[Site "Ghent"]
[Date "2017.07.15"]
[Round "1.4"]
[White "Hauglustaine, Sander"]
[Black "Dgebuadze, Alexandre"]
[Result "0-1"]
[WhiteElo "1880"]
[BlackElo "2524"]
[Annotator "TA"]
[PlyCount "68"]
[EventDate "2017.??.??"]
[EventType "swiss"]
[EventCountry "BEL"]
[SourceTitle "playchess.com"]
[Source "ChessBase"]
[SourceQuality "1"]

{[%evp 16,68,-10,-18,34,38,35,38,32,32,59,3,11,-8,16,0,0,8,15,27,43,35,37,0,0,0,0,0,0,-16,-6,-25,-18,-34,-11,-46,-30,-70,-25,-24,-18,-145,-164,-302,-309,-322,-296,-418,-232,-510,-502,-29984,-29985,-29995,-29996]} 1. d4 e6 2. e4 d5 3. e5 c5 4. c3 Nc6 5. Nf3 Nge7 6. a3 Nf5 7. b4 cxd4 8. cxd4 Bd7 9. Bb2 {LiveBook: 88 Games} h5 {C02: French: Advance Variation} (9... b5 $11) (9... b5 10. Nc3 a5 11. Bxb5 axb4 12. axb4 Bxb4 13. O-O O-O 14. Bxc6 Bxc6 15. Rxa8 Qxa8 16. Qb3 Be7 17. Ra1 {½-½ (47) Laznicka,V (2693)-Potkin,V (2642) Havana 2012}) 10. Bd3 $14 g5 $146 ({Predecessor:} 10... Rc8 11. O-O g5 12. Bxf5 exf5 13. Nc3 Be6 14. h4 gxh4 15. Kh2 Qd7 16. Ne2 h3 17. Kxh3 a5 18. Nf4 b5 19. Qb3 Bh6 20. Bc1 axb4 21. axb4 Qe7 22. Nxe6 {1-0 (22) Volodarsky,Y (2368)-Shubin,V (2131) ICCF email 2012}) 11. Bxf5 exf5 {White is slightly better.} 12. Nc3 Be6 13. Qd3 (13. h4 $14) 13... h4 $11 14. O-O Be7 15. Nd2 f4 16. Nb3 b6 17. b5 Nb8 18. a4 Nd7 19. Qf3 g4 20. Qd3 Nf8 21. a5 Ng6 22. axb6 axb6 23. Rxa8 Qxa8 24. Ra1 Qb7 25. Nd2 O-O {[%cal Bh8f8,Bf8c8,Bc8c4][%mdl 32]} 26. Ra6 Rc8 27. Na4 Bd8 28. Ba3 {[#]} (28. Nc5 $1 $11 Qe7 29. Nxe6 Qxe6 30. Nb3) 28... Kg7 $1 $17 29. Nb3 (29. g3 $142) 29... Rc4 $19 30. Nd2 {[#]} h3 $1 31. gxh3 (31. Nc3 $142 Rc7 32. gxh3) 31... gxh3 (31... Nh4 $142 {Hoping for ...Bf5.} 32. hxg4 Bxg4) 32. f3 $2 ({Don't go for} 32. Nxc4 $2 dxc4 33. Qf1 Nh4 $19) (32. Nc3 Nh4 33. Nxc4 dxc4 34. Qe4 Qxe4 35. Nxe4) 32... Nh4 33. Nxc4 (33. Kh1 $19 Bf5 34. Qf1) 33... dxc4 34. Qe4 Nxf3+ {Precision: White = 34%, Black = 61%.} 0-1

[Event "40th Eastman Open Ghent"]
[Site "Ghent"]
[Date "2017.07.15"]
[Round "1.5"]
[White "Kovalev, Andrei"]
[Black "Vincent, Gwijde"]
[Result "1-0"]
[WhiteElo "2517"]
[BlackElo "1854"]
[Annotator "TA"]
[PlyCount "41"]
[EventDate "2017.??.??"]
[EventType "swiss"]
[EventCountry "BEL"]
[SourceTitle "playchess.com"]
[Source "ChessBase"]
[SourceQuality "1"]

{[%evp 10,41,36,27,45,35,245,104,108,106,91,53,66,72,247,233,237,224,219,193,285,283,271,254,202,174,512,508,569,559,646,604,2229,2120]} 1. e4 e5 2. Nf3 Nc6 3. Bb5 a6 4. Ba4 Bc5 5. c3 Nf6 6. d4 {LiveBook: 5 Games. C70: Ruy Lopez: 3...a6 4 Ba4, Norwegian and Delayed Schliemann} exd4 (6... Ba7 7. O-O O-O 8. Bg5 h6 9. Bh4 exd4 10. Qc1 d6 11. Bxc6 bxc6 12. cxd4 g5 13. Nxg5 Nxe4 14. Nf3 Qd7 15. Nc3 f5 16. Qxh6 {1-0 (49) Naiditsch,A (2710)-Andreikin,D (2727) Dortmund 2013}) 7. e5 Qe7 $2 (7... Ne4 $14) 8. cxd4 $146 (8. O-O $1 $18 Ne4 9. cxd4) ({Predecessor:} 8. O-O Nd5 9. cxd4 Ba7 10. Bb3 Nb6 11. Bg5 Qb4 12. a3 Qa5 13. Nc3 d5 14. exd6 O-O 15. d5 Nb8 16. dxc7 N8d7 17. Be7 {1-0 (17) Grey,P (2011)-Alzhin,L (1828) San Francisco 2013}) 8... Bb4+ $16 9. Nc3 {Black must now prevent 0-0.} Nd5 10. Bd2 {[%cal Bc1d2,Bd2g5,Bg5f4,Bf4c7][%mdl 32]} Bxc3 11. bxc3 O-O $2 (11... Nb6 $16 {was called for.}) 12. Bb3 $18 Nb6 13. Bg5 Qa3 {[#]} 14. d5 $1 {[%cal Rd5c6]} Nxe5 (14... Na5 {might work better.}) 15. Nxe5 Re8 {[#]} 16. O-O $1 Rxe5 17. Bf4 $36 {[%mdl 2048] Black is under strong pressure.} Re8 $2 (17... d6 {is tougher.}) 18. Bxc7 {White is clearly winning.} Qc5 19. Re1 Rxe1+ 20. Qxe1 {Threatening mate with d6.} Kf8 21. d6 {Precision: White = 66%, Black = 20%.} 1-0

[Event "40th Eastman Open Ghent"]
[Site "Ghent"]
[Date "2017.07.15"]
[Round "1.6"]
[White "Van Der Stricht, Jan"]
[Black "Ward, Chris G"]
[Result "0-1"]
[WhiteElo "1872"]
[BlackElo "2441"]
[Annotator "TA"]
[PlyCount "58"]
[EventDate "2017.??.??"]
[EventType "swiss"]
[EventCountry "BEL"]
[SourceTitle "playchess.com"]
[Source "ChessBase"]
[SourceQuality "1"]

1. Nf3 {Program Activation Required} d5 2. c4 d4 3. g3 c5 4. Bg2 Nc6 5. O-O e5 6. d3 Nge7 {A09: Réti Opening: 1 Nf3 d5 2 c4} (6... Nf6 7. e3 Be7 8. exd4 exd4 9. Bf4 O-O 10. Ne5 Nxe5 11. Bxe5 Bd6 12. Bxf6 Qxf6 13. Nd2 Rb8 14. Re1 Bf5 15. Be4 Bd7 16. Bd5 Qg6 17. Ne4 b6 18. h4 Be7 19. h5 {1-0 (36) Movsesian,S (2680)-Buhmann,R (2596) Minsk 2017}) 7. b3 Ng6 8. Re1 $146 ({NOTEXT:} 8. Na3 Bf5 9. Nc2 Qd7 10. Re1 Be7 {½-½ (37) Feustel,B (2355)-Hort,V (2575) Bochum 1981}) 8... Be7 9. e3 O-O 10. exd4 cxd4 11. Ba3 Bf5 12. Bxe7 Qxe7 13. a3 a5 14. Qe2 Rae8 15. Nbd2 Bg4 16. h3 Bc8 17. h4 Bg4 18. Qe4 f5 19. Qd5+ Kh8 20. Nh2 Bh5 21. Qb5 Qd7 22. Bxc6 bxc6 23. Qxa5 f4 24. g4 Bxg4 25. f3 Bh5 26. Re2 Nxh4 27. Qc5 Rf6 28. Rxe5 Qh3 29. Rxe8+ Bxe8 0-1

[Event "40th Eastman Open Ghent"]
[Site "Ghent"]
[Date "2017.07.15"]
[Round "1.7"]
[White "Docx, Stefan"]
[Black "Atanasiu, Nicolae"]
[Result "1-0"]
[WhiteElo "2427"]
[BlackElo "1857"]
[Annotator "TA"]
[PlyCount "67"]
[EventDate "2017.??.??"]
[EventType "swiss"]
[EventCountry "BEL"]
[SourceTitle "playchess.com"]
[Source "ChessBase"]
[SourceQuality "1"]

{[%evp 9,67,60,56,53,59,27,29,20,54,52,86,56,104,79,88,58,85,76,63,50,86,65,137,125,170,157,144,164,169,148,152,151,150,147,168,167,137,126,216,217,267,252,414,408,371,387,1031,1032,1304,1260,29992,29993,29993,29993,29993,29994,29994,29995,29995,29996]} 1. d4 {[%cal Bd2d4,Bd4d5][%mdl 32]} f5 2. c4 g6 3. Nc3 Bg7 4. h4 c5 (4... Nf6 5. h5 d6 6. hxg6 hxg6 7. Rxh8+ Bxh8 8. Bg5 Be6 9. e3 c6 10. Bd3 Nbd7 11. Qd2 Bf7 12. f4 Qc7 13. Bh4 {1-0 (69) Nakamura,H (2787)-Caruana,F (2795) Saint Louis 2016}) 5. e3 Nc6 {[%cal Rc5d4]} 6. d5 {A84: Dutch Defence: 2 c4 Miscellaneous} Ne5 $146 ({Find the theoretical novelty and annotate with similar games:} 6... Bxc3+ 7. bxc3 Ne5 8. h5 Qa5 9. hxg6 Nxg6 10. Bd2 Nf6 11. Bd3 d6 {0-1 (28) Cebrian Valverde,J (2189)-Gil Capape,M (2155) Spain 2010}) 7. Nh3 Nf6 8. Be2 {White has an edge.} d6 9. h5 Bd7 10. Nf4 Qa5 11. Bd2 O-O-O 12. a3 Kb8 13. b4 Qb6 14. Rb1 Rc8 15. b5 g5 (15... Nxh5 $14 16. Nxh5 gxh5) 16. h6 $36 {[%mdl 2048] White is on the roll.} Bf8 {[#]} 17. Ne6 $1 Bxe6 18. dxe6 Rg8 {[#]} 19. Qc2 $1 Rg6 20. Qxf5 Bxh6 21. f4 gxf4 22. exf4 Neg4 23. Bf3 Rcg8 (23... d5 $16) 24. a4 $18 {[%cal Ba3a4,Ba4a5,Ba5a6][%mdl 32]} Qd8 25. a5 Bf8 $2 (25... Qc8 26. a6 b6) 26. a6 b6 27. Nd5 Nh6 $2 {[#]} (27... Bg7 28. Nxf6 Nxf6) 28. Rxh6 $1 {[%mdl 512]} Bxh6 29. Nxf6 {White threatens Qd5 and mate.} exf6 30. Qd5 {[%csl Ga6,Gf3][%cal Rd5b7] White mates.} Qc8 31. Qa8+ Kc7 32. Qxa7+ Kd8 33. e7+ Ke8 34. Bc6+ {Precision: White = 78%, Black = 28%.} 1-0

[Event "40th Eastman Open Ghent"]
[Site "Ghent"]
[Date "2017.07.15"]
[Round "1.8"]
[White "Van Der Straeten, Lieven"]
[Black "Hunt, Adam C"]
[Result "0-1"]
[WhiteElo "1855"]
[BlackElo "2424"]
[Annotator "TA"]
[PlyCount "56"]
[EventDate "2017.??.??"]
[EventType "swiss"]
[EventCountry "BEL"]
[SourceTitle "playchess.com"]
[Source "ChessBase"]
[SourceQuality "1"]

{[%evp 13,56,9,-20,-30,-30,-35,-8,-26,-4,-58,-11,-50,0,2,1,-98,-92,-85,-77,-89,-74,-348,-355,-308,-189,-527,-529,-512,-454,-595,-580,-637,-652,-680,-625,-761,-752,-1367,-918,-1045,-1004,-1473,-1472,-1631,-1300]} 1. e4 c5 2. a3 g6 3. Bc4 Bg7 4. Nc3 Nc6 5. Nge2 d6 6. d3 Nf6 7. O-O O-O 8. f4 {B23: Closed Sicilian: Lines without g3} (8. Rb1 e6 9. Ba2 Rb8 10. b4 cxb4 11. axb4 b5 12. Be3 a6 13. Nd4 Bd7 14. Nxc6 Bxc6 15. Bd4 h6 {0-1 (41) Gora,J (2043)-Drozdowski,K (2437) Olsztyn 2013}) 8... e6 9. Ba2 Rb8 $146 ({Predecessor:} 9... d5 10. Ng3 dxe4 11. Ngxe4 Nxe4 12. Nxe4 b6 13. Rb1 Bb7 14. Bd2 Nd4 15. c3 Nf5 {1-0 (56) Stransky,E-Richardson,K ICCF corr 1984}) 10. Ng3 {The position is equal.} b5 {[%cal Bb7b5,Bb5b4,Bb4b3][%mdl 32]} 11. Nce2 (11. f5 $11) 11... b4 12. c3 a5 (12... bxa3 $15 13. bxa3 h5) 13. f5 $11 Qb6 14. Nf4 (14. axb4 $11 axb4 15. Bg5) 14... b3 $17 (14... gxf5 $6 15. exf5 b3 16. Bb1 $11) 15. Bb1 exf5 ({Much weaker is} 15... gxf5 $6 16. Nfh5 $14) 16. exf5 d5 $36 {[%cal Bd6d5,Bd5d4][%mdl 2080] Black is in control.} ({Of course not} 16... gxf5 $6 17. Nfh5 $11) 17. Nfh5 $2 {[%mdl 8192]} (17. a4 $17) 17... gxh5 $19 18. Nxh5 d4 {[#] ...dxc3 is the strong threat.} 19. Bh6 $2 (19. Nxg7 {was the crucial defense.} Kxg7 20. Qd2) 19... Nxh5 {Black is clearly winning.} 20. Qxh5 {White wants to mate with Qg5.} f6 21. Bxg7 Kxg7 22. Rf3 Rb7 23. Rg3+ Kh8 24. Qh6 {[%cal Rh6f8] [#]} Rbf7 25. Qh5 Ne7 26. cxd4 cxd4 27. Bc2 bxc2 28. Re1 Bxf5 {Precision: White = 18%, Black = 63%.} 0-1

[Event "40th Eastman Open Ghent"]
[Site "Ghent"]
[Date "2017.07.15"]
[Round "1.9"]
[White "Michielsen, Joost"]
[Black "De Putter, Theo"]
[Result "1-0"]
[WhiteElo "2409"]
[BlackElo "1856"]
[Annotator "NA"]
[PlyCount "75"]
[EventDate "2017.??.??"]
[EventType "swiss"]
[EventCountry "BEL"]
[SourceTitle "playchess.com"]
[Source "ChessBase"]
[SourceQuality "1"]
[TimeControl "7200"]

1. e4 c5 2. Nf3 Nc6 3. Nc3 e6 4. d4 cxd4 5. Nxd4 Qc7 6. Be3 a6 7. Qd2 Nf6 8. O-O-O Bb4 9. f3 Ne5 10. Nb3 b5 11. Qe1 Be7 12. f4 Ng6 13. e5 Ng4 14. Bd2 Bb7 15. Bd3 Bh4 16. g3 Be7 17. Ne4 Rc8 18. h3 N4xe5 19. fxe5 Nxe5 20. Qe2 O-O 21. Rhe1 h6 22. g4 a5 23. Nf2 Nxd3+ 24. Qxd3 e5 25. Bxa5 Qb8 26. Kb1 Rc4 27. Bc3 e4 28. Qe2 Ba8 29. Bd4 Rfc8 30. Rd2 Bg5 31. Be3 Bf6 32. Nd1 Qc7 33. Rf1 Be5 34. Bd4 f6 35. Ne3 Rc6 36. Nd5 Qd6 37. Qxe4 Bxd4 38. Ne7+ 1-0

[Event "40th Eastman Open Ghent"]
[Site "Ghent"]
[Date "2017.07.15"]
[Round "1.10"]
[White "Van de Gevel, Ed"]
[Black "Sarrau, Jelle"]
[Result "0-1"]
[WhiteElo "1850"]
[BlackElo "2363"]
[Annotator "NA"]
[PlyCount "78"]
[EventDate "2017.??.??"]
[EventType "swiss"]
[EventCountry "BEL"]
[SourceTitle "playchess.com"]
[Source "ChessBase"]
[SourceQuality "1"]
[TimeControl "7200"]

1. e4 c5 2. Nf3 d6 3. c3 Nf6 4. Bd3 Bg4 5. h3 Bh5 6. Bc2 e6 7. d4 cxd4 8. cxd4 Be7 9. O-O O-O 10. Nc3 Nc6 11. Be3 Bg6 12. Rc1 d5 13. e5 Nd7 14. Qd2 Rc8 15. Bxg6 hxg6 16. Bg5 Nxd4 17. Bxe7 Nxf3+ 18. gxf3 Qxe7 19. f4 a6 20. Kh2 Rc4 21. Rg1 Rfc8 22. Rg5 b5 23. Rcg1 b4 24. Nd1 Nc5 25. R5g4 Ne4 26. Qd3 Qa7 27. R1g2 Qd4 28. Qxd4 Rxd4 29. Ne3 Kf8 30. h4 Rd2 31. h5 Nxf2 32. Rh4 Rc1 33. hxg6 Rh1+ 34. Kg3 Ne4+ 35. Kg4 Rxh4+ 36. Kxh4 Rxg2 37. Nxg2 fxg6 38. Kg4 Nf2+ 39. Kf3 Nd3 0-1

[Event "40th Eastman Open Ghent"]
[Site "Ghent"]
[Date "2017.07.15"]
[Round "1.11"]
[White "Van der Stricht, Geert"]
[Black "Cuypers, Dries"]
[Result "1-0"]
[WhiteElo "2358"]
[BlackElo "1847"]
[Annotator "NA"]
[PlyCount "75"]
[EventDate "2017.??.??"]
[EventType "swiss"]
[EventCountry "BEL"]
[SourceTitle "playchess.com"]
[Source "ChessBase"]
[SourceQuality "1"]
[TimeControl "7200"]

1. d4 Nf6 2. c4 c5 3. d5 b5 4. cxb5 a6 5. bxa6 Bxa6 6. Nc3 d6 7. Nf3 g6 8. g3 Bg7 9. Bg2 Nbd7 10. Rb1 Ng4 11. Qc2 O-O 12. Bd2 Nde5 13. Nxe5 Nxe5 14. b3 Rb8 15. O-O Qc7 16. h3 Rb7 17. Rfc1 Rfb8 18. Kh2 Qc8 19. Be1 Bh6 20. f4 Nd7 21. Ne4 Nf8 22. Bc3 Ra7 23. Nf2 f5 24. e4 e5 25. dxe6 Qxe6 26. Re1 Bb7 27. exf5 Qxf5 28. Ng4 Bg7 29. Re4 h5 30. Ne3 Qf7 31. Rd1 Bxe4 32. Bxe4 Kh7 33. Bd5 Qd7 34. a4 Bxc3 35. Qxc3 Qg7 36. Qd3 Re7 37. f5 Qf6 38. Rf1 1-0

[Event "40th Eastman Open Ghent"]
[Site "Ghent"]
[Date "2017.07.15"]
[Round "1.12"]
[White "Verduyckt, Johan"]
[Black "Van Beers, Eddy"]
[Result "0-1"]
[WhiteElo "1832"]
[BlackElo "2312"]
[Annotator "NA"]
[PlyCount "46"]
[EventDate "2017.??.??"]
[EventType "swiss"]
[EventCountry "BEL"]
[SourceTitle "playchess.com"]
[Source "ChessBase"]
[SourceQuality "1"]
[TimeControl "7200"]

1. d4 Nf6 2. Bf4 g6 3. Nf3 Bg7 4. h3 O-O 5. Nbd2 c5 6. e3 b6 7. Bd3 Bb7 8. O-O d6 9. a4 Nc6 10. Bc4 Rc8 11. c3 Qc7 12. Bg3 e5 13. Rc1 Qe7 14. dxe5 dxe5 15. Qe2 e4 16. Ne1 Rcd8 17. Nc2 Ne5 18. Ba2 Nh5 19. Bf4 Nd3 20. Rb1 Nhxf4 21. exf4 Nxf4 22. Qe3 Qg5 23. g3 Rxd2 0-1

[Event "40th Eastman Open Ghent"]
[Site "Ghent"]
[Date "2017.07.15"]
[Round "1.13"]
[White "Abolianin, Arthur"]
[Black "Kuijpers, Domien"]
[Result "1-0"]
[WhiteElo "2329"]
[BlackElo "1836"]
[Annotator "NA"]
[PlyCount "69"]
[EventDate "2017.??.??"]
[EventType "swiss"]
[EventCountry "BEL"]
[SourceTitle "playchess.com"]
[Source "ChessBase"]
[SourceQuality "1"]
[TimeControl "7200"]

1. g3 d5 2. Bg2 c6 3. c4 e6 4. Nf3 Nf6 5. O-O Be7 6. b3 O-O 7. Bb2 Nbd7 8. d3 Re8 9. Qc2 Nf8 10. Nbd2 b6 11. e4 Bb7 12. Qc3 Rc8 13. Ne5 a5 14. a3 Bc5 15. b4 d4 16. Qb3 axb4 17. axb4 Be7 18. Ra7 Rb8 19. Rxb7 Rxb7 20. Nxc6 Qc8 21. e5 Ng4 22. h3 Nh6 23. Nxd4 Rc7 24. b5 Nd7 25. Nc6 Nc5 26. Qc2 Rd7 27. d4 Nb7 28. Ra1 f6 29. Be4 f5 30. Bg2 Nf7 31. d5 Bc5 32. dxe6 Rxe6 33. Bd5 Rxd5 34. cxd5 Rg6 35. Ne7+ 1-0

[Event "40th Eastman Open Ghent"]
[Site "Ghent"]
[Date "2017.07.15"]
[Round "2.1"]
[White "Van Kessel, Wessel"]
[Black "Chatalbashev, Boris"]
[Result "0-1"]
[WhiteElo "2040"]
[BlackElo "2552"]
[Annotator "TA"]
[PlyCount "90"]
[EventDate "2017.??.??"]
[EventType "swiss"]
[EventCountry "BEL"]
[SourceTitle "playchess.com"]
[Source "ChessBase"]
[SourceQuality "1"]

{[%evp 20,90,52,60,99,77,58,54,57,47,61,0,76,45,45,30,105,71,72,60,43,70,56,53,56,12,22,20,8,0,0,-33,0,-127,-87,-85,-89,-141,-136,-131,-140,-216,-136,-144,-139,-154,-153,-135,-100,-181,-186,-183,-127,-286,-289,-279,-281,-273,-263,-270,-164,-545,-538,-698,-631,-2360,-2106,-29977,-29978,-29961,-12564,-29985,-29987]} 1. e4 g6 2. Nc3 Bg7 3. g3 c5 4. Bg2 Nc6 5. d3 d6 6. Be3 e6 7. Qd2 Nd4 8. Nd1 Ne7 9. c3 Ndc6 10. Bh6 Bxh6 11. Qxh6 {LiveBook: 7 Games} Qa5 {B26: Closed Sicilian: 3 g3, lines with early Be3} (11... Ng8 12. Qd2 Qf6 13. Ne3 Nge7 14. f4 b6 15. Ne2 Ba6 16. O-O O-O 17. f5 Qg5 18. f6 Nc8 19. Rad1 {0-1 (51) Djordjevic,V (2412)-Zegarac,V (2304) Belgrade 2017}) 12. Qg7 $146 ({Predecessor:} 12. Nf3 Qb5 13. Ng5 Ne5 14. O-O Qxd3 15. Nxh7 Ng4 16. Nf6+ Nxf6 17. Qxh8+ Neg8 18. Ne3 Bd7 19. Ng4 {1-0 (19) Kharashkina,B (2185)-Rubzova,T (2309) Serpukhov 2003}) 12... Rg8 13. Qxh7 Ne5 {White is slightly better.} 14. Bf1 f5 15. Be2 ({Better is} 15. f4 $14 Nf7 16. Nf3) 15... Bd7 (15... Nf7 $1 $11 {remains equal.}) 16. Nf3 $16 Nf7 17. Ne3 Bc6 (17... Qb6 $11 18. Nc4 Qc7) 18. Nd2 Kf8 {Hoping for ...Rh8.} 19. Qh3 (19. Qh4 {seems wilder.} g5 20. Qh3 Qb6 21. O-O-O d5 22. Kb1) 19... d5 20. Qg2 Qb6 21. O-O-O Qa6 22. Kb1 dxe4 23. Qf1 exd3 24. Bxd3 b5 {Strongly threatening ...c4.} 25. Ng2 Nd5 (25... c4 $5 {[%cal Rc4d3]} 26. Be2 Kg7 $15) 26. Re1 (26. Bc2 $11 {keeps the balance.}) 26... Rd8 27. Nb3 Qb6 $1 {...e5 is the strong threat.} 28. Rxe6 ({White should try} 28. f3) 28... Nxc3+ $17 29. bxc3 {Threatens to win with Nf4.} Bxg2 $1 30. Qe1 (30. Qe2 $17 Qc7 31. Rg1) 30... Qc7 31. Rg1 Bd5 ({Much worse is} 31... Rxd3 $6 32. Rxg2 Kg7 33. g4 $11) 32. Bxb5 Bxe6 33. Qxe6 Rd6 34. Qe3 {[#]} (34. Qe2 $17) 34... c4 $1 $36 {[%cal Rc4b3][%mdl 2048] Black is on the roll.} 35. Nd4 {And now Ne6+ would win.} Kg7 (35... Qb7 $19 36. Kc2 Rxd4 37. Qxd4 Qxb5) 36. Ne6+ $2 {[#]} (36. g4 $17 Rb8 37. gxf5) 36... Rxe6 $1 {[%mdl 512]} 37. Qxe6 {Black must now prevent Rd1.} Rb8 38. a4 {[#]} Rb6 $1 {[%cal Rb6e6]} 39. Qe8 {Black should prevent Rd1.} a6 40. Re1 $2 (40. Rd1 Qb8 41. Qxb8 Rxb8 42. Rd5) 40... Rb7 ({Don't take} 40... axb5 $2 41. Re7 $18) 41. Kc2 axb5 42. axb5 Qa5 {( -> ...Qa2+)} 43. Rb1 Qa4+ 44. Kc1 Qa3+ 45. Kc2 Re7 {Precision: White = 28%, Black = 67%.} 0-1